The operation fo the Crichel Down Rules (Record no. 100706)

MARC details
000 -LEADER
fixed length control field 00792cam a2200265 4500
001 - CONTROL NUMBER
control field
008 - FIXED-LENGTH DATA ELEMENTS--GENERAL INFORMATION
fixed length control field 000000n2000 000 0 eng u
020 ## - INTERNATIONAL STANDARD BOOK NUMBER
International Standard Book Number 185114179
035 ## - SYSTEM CONTROL NUMBER
System control number (Sirsi) u107599
050 ## - LIBRARY OF CONGRESS CALL NUMBER
Classification number 711.14
-- 18
110 ## - MAIN ENTRY--CORPORATE NAME
Corporate name or jurisdiction name as entry element United Kingdom
Subordinate unit Department of the Environment, Transport and the Regions
9 (RLIN) 3507
245 #4 - TITLE STATEMENT
Title The operation fo the Crichel Down Rules
260 ## - PUBLICATION, DISTRIBUTION, ETC.
Place of publication, distribution, etc. London
Name of publisher, distributor, etc. DETR
Date of publication, distribution, etc. 2000
300 ## - PHYSICAL DESCRIPTION
Extent 190p.
Dimensions 30cm.
350 ## - PRICE (NR) (BK AM CF MU VM SE) [OBSOLETE]
Price 28
650 ## - SUBJECT ADDED ENTRY--TOPICAL TERM
Topical term or geographic name entry element SURPLUS LAND
650 ## - SUBJECT ADDED ENTRY--TOPICAL TERM
Topical term or geographic name entry element DISPOSAL OF LAND
650 ## - SUBJECT ADDED ENTRY--TOPICAL TERM
Topical term or geographic name entry element LOCAL AUTHORITIES
650 ## - SUBJECT ADDED ENTRY--TOPICAL TERM
Topical term or geographic name entry element PLANNING
650 ## - SUBJECT ADDED ENTRY--TOPICAL TERM
Topical term or geographic name entry element DEVELOPMENT
650 ## - SUBJECT ADDED ENTRY--TOPICAL TERM
Topical term or geographic name entry element CRICHEL DOWN RULES
690 ## - LOCAL SUBJECT ADDED ENTRY--TOPICAL TERM (OCLC, RLIN)
Topical term or geographic name as entry element ENVIRONMENTAL AND LAND CONSULTANCY-PLANNING AND DEVELOPMENT-COMPULSORY PURCHASE AND COMPENSATION
710 ## - ADDED ENTRY--CORPORATE NAME
Corporate name or jurisdiction name as entry element Gerald Eve
9 (RLIN) 151
942 ## - ADDED ENTRY ELEMENTS (KOHA)
Suppress in OPAC 0
Holdings
Withdrawn status Lost status Source of classification or shelving scheme Damaged status Not for loan Home library Current library Shelving location Date acquired Cost, normal purchase price Total Checkouts Full call number Barcode Date last seen Date last checked out Copy number Cost, replacement price Price effective from Koha item type
    Dewey Decimal Classification     London London Basement 07/08/2000 28.00 6 BASEMENT 30062052 06/08/2019 22/12/2005 1 28.00 06/08/2019 Book